Oral genital activity

Uloženo v:
Podrobná bibliografie
Korporativní autor: Male sexual behavior
Médium: Kniha
Jazyk:angličtina
Tagy: Přidat tag
Žádné tagy, Buďte první, kdo vytvoří štítek k tomuto záznamu!

MARC

LEADER 00000nam a2200000 4500
005 20240724170824.0
008 240724b |||||||| |||| 00| 0 eng d
040 |c GP 
110 |a Male sexual behavior 
245 |a Oral genital activity 
942 |2 ddc  |c BK  |n 0 
952 |0 0  |1 0  |2 ddc  |4 0  |6 770_000000000000000_MAL  |7 1  |9 1702  |a RM  |b RM  |d 2024-07-24  |l 0  |o 770 MAL  |p 457  |r 2024-07-24 17:08:46  |w 2024-07-24  |y BK 
999 |c 1515  |d 1515